00398nam a2200157Ia 4500003000400000008004100004040001600045082001300061100002100074245004700095260003200142300000800174650002300182650001500205650002000220GCL140319s9999 xx 000 0 eng d aGCL / cGCL04a823bN W1 aNEILLONDS, ROBIN10aTHE WARS OF THE ROSES / cNEILLONDS, ROBIN a[S.N] : bCASSELL ، c1993 a22304aENGLISH LITERATURE04aLITERATURE04aENGLISH FICTION